000 00657nam a2200217 i 4500
001 80612
003 ES-MaACL
005 20230906174244.0
007 t|
008 041028s1969 sp ||||1| spa d
245 0 0 _aHomilías del Tiempo Pascual /
_ctraducción de Carlos Castro Cubells y Julio Bondía Blay.
260 _aMadrid :
_bRialp,
_c[1969]
300 _a152 p. ;
_c15 cm.
490 1 _aNebli ;
_v39
500 _aPrecede al tít.: Santos Padres.
700 1 _aCastro Cubells, Carlos.
_936913
700 1 _aBondía Blay, Julio.
_930091
830 0 _aNebli ;
_v39
_9228927
852 _aES-MaACL
_jC-51277
_bR.71461
999 _c80612
_d80612